| 000 | 00579nam a2200181Ia 4500 | ||
|---|---|---|---|
| 008 | 100917s9999 xx 000 0 und d | ||
| 082 | _b36736 | ||
| 100 | _aआपटे ह. ना. | ||
| 245 | _aमायेचा बाजार (आ. 4) | ||
| 260 |
_bआर्यभूषण मुद्रणालय/ द. वा. आंबेकर _c1965 |
||
| 300 | _a416 | ||
| 365 | _b4.25 | ||
| 520 | _aकथा | ||
| 630 | _aमायेचा बाजार (आ. 4) | ||
| 650 | _aकथा | ||
| 730 | _aमायेचा बाजार (आ. 4) | ||
| 942 | _cBOOK | ||
| 999 |
_c642130 _d642127 |
||